LEADER 01011nam a2200205 i 4500 001 000000251793 003 CaOOAMICUS 005 20161201000000.0 008 161201s1804 it u000 u ita u 013 $a230698 026 $aO.RI r-on i-sa Unve (7) 1805 (R) 040 $aSeMil$bita 245 10$aTomo 38. 300 $a337, [3] p. 500 $aContiene: Giuseppe Palmieri, Osservazioni sulle tariffe con applicazione al Regno di Napoli; Della ricchezza nazionale. - Segn.: [A]8 B-X8 Y2 (Y2 bianca). 773 0 $tScrittori classici italiani di economia politica.$dMilano : Nella Stamperia e Fondria di G. G. Destefanis, a san Zeno n. 534, 1803-1816.$g45$w()33494 773 0 $tScrittori classici italiani di economia politica. Parte moderna.$dMilano : Nella Stamperia e Fonderia di G. G. Destefanis, a san Zeno n. 534, 1803-1805.$g38$w()33495 850 $aSeMil 852 $aSeMil$W1$xVenegono$y1$m3M II 38 FA$j202139$B202139$CSeMilBibl$Z2$F214756 $8I 996 $6245$aTomo 38$9(OLS)http://semarc/title/353958 LEADER 01357nam a2200289 i 4500 001 000000057106 003 CaOOAMICUS 005 20040409000000.0 008 040409s1994 it u000 u ita u 013 $a28278 040 $aSeMil$bita 245 12$aI francesi e l'Italia /$ca cura di Carlo Bertelli. 260 $aMilano :$bLibri Scheiwiller,$c1994. 260 $a[Italia] :$bBanco Ambrosiano Veneto,$c1994. 300 $a316 p. :$briccamente ill. ;$c29 cm. 490 0 $aPresenze straniere nella vita e nella storia d'Italia ;$v2 500 $aContiene : Fonti iconografiche. - In custodia. 650 4$aItalia e Francia - Relazioni culturali - Sec. 18.-20.$0(OLS)http://semarc/subject/11521 650 4$aFrancia - Cultura - Sec. 18.- 20.$0(OLS)http://semarc/subject/11522 700 1 $aBertelli, Carlo <1930->.$0(OLS)http://semarc/name/3549 830 0$aPresenze straniere nella vita e nella storia d'Italia ;$v2.$0(OLS)http://semarc/title/443 850 $aSeMil 852 $aSeMil$W1$xVenegono$y1$m5I XII 53$j23260$B23260$CSeMilBibl$Z2$F23262 $81 961 $aOmaggio: Ferrario mons. Emilio 996 $6245$aI francesi e l'Italia$9(OLS)http://semarc/title/88829 996 $6260$a[Italia] :$bBanco Ambrosiano Veneto$9(OLS)http://semarc/publisher/29790 996 $6260$aMilano :$bLibri Scheiwiller$9(OLS)http://semarc/publisher/29791